[Event "GRE-chT 49th"]
[Site "Thessaloniki"]
[Date "2022.08.13"]
[Round "2"]
[White "Trifonas, Spyridon"]
[Black "Chatzipolitis, Georgios"]
[Result "0-1"]
[WhiteElo "1837"]
[BlackElo "1745"]
[PlyCount "70"]
[EventDate "2022.08.12"]
[EventType "team-swiss"]
[EventRounds "7"]
[EventCountry "GRE"]
[SourceTitle "EXT 2024"]
[Source "ChessBase"]
[SourceDate "2023.10.10"]
[SourceVersion "1"]
[SourceVersionDate "2023.10.10"]
[SourceQuality "1"]
[WhiteTeam "Kerkeras"]
[BlackTeam "Volou SE"]
[WhiteTeamCountry "GRE"]
[BlackTeamCountry "GRE"]

1. d4 Nf6 2. Bf4 e6 3. e3 c5 4. Nd2 Nc6 5. c3 d5 6. Ngf3 Bd6 7. Bg3 b6 8. Bd3 Bb7 9. e4 Bxg3 10. hxg3 dxe4 11. Nxe4 cxd4 12. cxd4 g6 13. Qd2 Qe7 14. Rc1 0-0 15. Qh6 Rfd8 16. Nfg5 Qb4+ 17. Kf1 Qxd4 18. Kg1 Rd7 19. Nf3 Qxb2 20. Nxf6+ Qxf6 21. Qxh7+ Kf8 22. Bb5 Rd6 23. Rh4 Rad8 24. Rf4 Qg7 25. Qh4 Rd1+ 26. Rxd1 Rxd1+ 27. Kh2 Qa1 28. Rxf7+ Kxf7 29. Qf4+ Ke7 30. g4 Qf6 31. Qa4 Rd6 32. g5 Qh8+ 33. Kg3 Nd4 34. Qxa7 Nf5+ 35. Kf4 Rd4+ 0-1

[Event "Aegean op 44th"]
[Site "Aghios Kirykos"]
[Date "2021.07.14"]
[Round "6"]
[White "Gazis, Efstathios"]
[Black "Chatzipolitis, Georgios"]
[Result "1-0"]
[WhiteElo "2146"]
[BlackElo "1749"]
[PlyCount "51"]
[EventDate "2021.07.10"]
[EventType "swiss"]
[EventRounds "9"]
[EventCountry "GRE"]
[SourceTitle "CBM 203 Extra"]
[Source "ChessBase"]
[SourceDate "2021.09.30"]
[SourceVersion "1"]
[SourceVersionDate "2021.09.30"]
[SourceQuality "1"]

1. e4 e6 2. d4 d5 3. exd5 exd5 4. c4 Bb4+ 5. Nc3 Nf6 6. a3 Be7 7. Bd3 0-0 8. Nge2 dxc4 9. Bxc4 Nbd7 10. 0-0 Nb6 11. Bb3 c6 12. Re1 Bg4 13. h3 Bf5 14. Ng3 Bg6 15. h4 Bd6 16. h5 Bxg3 17. hxg6 Bxf2+ 18. Kxf2 hxg6 19. Bg5 Qd6 20. Ne4 Nxe4+ 21. Rxe4 Nd5 22. Qf3 Qd7 23. Rae1 b5 24. Re5 Nc7 25. Be7 Qxd4+ 26. Kg3 1-0

[Event "Aegean op 41st"]
[Site "Aghios Kirykos"]
[Date "2018.07.16"]
[Round "1"]
[White "Chatzipolitis, Georgios"]
[Black "Velicka, Petr"]
[Result "0-1"]
[WhiteElo "1769"]
[BlackElo "2425"]
[PlyCount "58"]
[EventDate "2018.07.16"]
[EventType "swiss"]
[EventRounds "9"]
[EventCountry "GRE"]
[SourceTitle "CBM 186 Extra"]
[Source "ChessBase"]
[SourceDate "2018.08.24"]
[SourceVersion "1"]
[SourceVersionDate "2018.08.24"]
[SourceQuality "1"]

1. e4 Nf6 2. e5 Nd5 3. d4 d6 4. c4 Nb6 5. exd6 cxd6 6. Nc3 g6 7. Be3 Bg7 8. Nf3 0-0 9. Rc1 Bg4 10. h3 Bxf3 11. Qxf3 Nc6 12. Qd1 d5 13. c5 Nc4 14. b3 Nxe3 15. fxe3 e5 16. Ne2 exd4 17. exd4 Nxd4 18. Kf2 Qh4+ 19. g3 Qf6+ 20. Kg1 Bh6 21. Nf4 Bxf4 22. gxf4 Qxf4 23. Rc3 Qg5+ 24. Bg2 Qe5 25. Rd3 Ne2+ 26. Kf2 Nf4 27. Rd2 Rae8 28. Qf3 Nxg2 29. Qxg2 Qf4+ 0-1

[Event "Agios Ioannis Pelion op 1st"]
[Site "Agios Ioannis"]
[Date "2018.06.23"]
[Round "9"]
[White "Markidis, Konstantinos"]
[Black "Chatzipolitis, Georgios"]
[Result "1-0"]
[WhiteElo "2339"]
[BlackElo "1726"]
[PlyCount "105"]
[EventDate "2018.06.16"]
[EventType "swiss"]
[EventRounds "9"]
[EventCountry "GRE"]
[SourceTitle "CBM 185 Extra"]
[Source "ChessBase"]
[SourceDate "2018.07.29"]
[SourceVersion "1"]
[SourceVersionDate "2018.07.29"]
[SourceQuality "1"]

1. e4 e6 2. d4 d5 3. e5 c5 4. c3 Nc6 5. Nf3 Bd7 6. Be2 Nge7 7. 0-0 Nf5 8. dxc5 Bxc5 9. Bd3 Nfe7 10. Nbd2 Qc7 11. Nb3 Bb6 12. Re1 Ng6 13. Nbd4 a6 14. Qe2 0-0 15. h4 h6 16. g3 Rae8 17. h5 Nge7 18. Bf4 Qd8 19. Rad1 Nf5 20. Bb1 Qe7 21. Qd3 Ncxd4 22. Nxd4 Bxd4 23. cxd4 g5 24. hxg6 fxg6 25. Rc1 Bb5 26. Qd2 g5 27. Be3 Qf7 28. Rc3 Re7 29. Rec1 Qh5 30. Re1 Ref7 31. Bxf5 Rxf5 32. b3 Qh3 33. Rc7 g4 34. Qc2 Bc6 35. Qd3 R8f7 36. Rxf7 Kxf7 37. Qf1 Qh5 38. a4 Kg7 39. Bf4 Rf8 40. Qd3 Be8 41. f3 gxf3 42. Rf1 Bg6 43. Qxf3 Qf5 44. Bxh6+ Kxh6 45. Qe3+ Kg7 46. Rxf5 Rxf5 47. Kg2 Rh5 48. g4 Be4+ 49. Kg3 Rh6 50. Qg5+ Rg6 51. Qe7+ Kh6 52. Kf4 b5 53. g5+ 1-0

[Event "Agios Ioannis Pelion op 1st"]
[Site "Agios Ioannis"]
[Date "2018.06.20"]
[Round "6"]
[White "Ilandzis, Spyridon"]
[Black "Chatzipolitis, Georgios"]
[Result "1-0"]
[WhiteElo "1990"]
[BlackElo "1726"]
[PlyCount "45"]
[EventDate "2018.06.16"]
[EventType "swiss"]
[EventRounds "9"]
[EventCountry "GRE"]
[SourceTitle "CBM 185 Extra"]
[Source "ChessBase"]
[SourceDate "2018.07.29"]
[SourceVersion "1"]
[SourceVersionDate "2018.07.29"]
[SourceQuality "1"]

1. d4 d5 2. c4 c6 3. Nc3 e6 4. Qd3 Nd7 5. Nf3 Ngf6 6. g3 b6 7. Bg2 Bb7 8. 0-0 Be7 9. cxd5 cxd5 10. Bf4 0-0 11. Rac1 h6 12. Nb5 Ne8 13. Rc2 g5 14. Bc7 Nxc7 15. Nxc7 Rc8 16. Nxe6 fxe6 17. Qg6+ Kh8 18. Qxh6+ Kg8 19. Bh3 Rxf3 20. Bxe6+ Rf7 21. Qg6+ Kh8 22. Bxf7 Nf8 23. Qg8# 1-0